LIBRARY & INFORMATION CENTRE, KCAET, TAVANUR

ONLINE PUBLIC ACCESS CATALOGUE (OPAC)

Electronic principles / (Record no. 10369)

MARC details
000 -LEADER
fixed length control field 00465cam a2200181ua 4500
003 - CONTROL NUMBER IDENTIFIER
control field OSt
008 - FIXED-LENGTH DATA ELEMENTS--GENERAL INFORMATION
fixed length control field 250104b |||||||| |||| 00| 0 eng d
020 ## - INTERNATIONAL STANDARD BOOK NUMBER
ISBN 0-07-099479-X
041 ## - LANGUAGE CODE
Language code of text/sound track or separate title eng
082 ## - DEWEY DECIMAL CLASSIFICATION NUMBER
Classification number 621.381 01
Item number MAL/EL
100 ## - MAIN ENTRY--AUTHOR NAME
Personal name Malvino, Albert Paul .
245 ## - TITLE STATEMENT
Title Electronic principles /
250 ## - EDITION STATEMENT
Edition statement 3 /
260 ## - PUBLICATION, DISTRIBUTION, ETC. (IMPRINT)
Place of publication New Delhi :
Name of publisher Tata Mc-Graw Hill Publishing Company ,
Year of publication 1989.
300 ## - PHYSICAL DESCRIPTION
Number of Pages 754 ; .
500 ## - GENERAL NOTE
General note 17955 Scheme
942 ## - ADDED ENTRY ELEMENTS (KOHA)
Koha item type Books
Holdings
Withdrawn status Lost status Damaged status Home library Current library Date acquired Full call number Accession Number Koha item type
      KAUAET   07/04/2012 621.381 01 MAL/EL 17955 Books
      KAUAET KAUAET 07/04/2012 621.381 01 MAL/EL 17954 Books
      KAUAET KAUAET 07/04/2012 621.381 01 MAL/EL 21764 Books
free website counter